MARC

LEADER 00000nam0a2200000 4500
001 193644
005 20231031182017.0
035 |a (RuTPU)RU\TPU\book\211188 
090 |a 193644 
100 |a 20110325d1971 m y0rusy50 ca 
101 0 |a rus 
102 |a RU 
105 |a a z 001zy 
200 1 |a Космос-человеку  |f А. Д. Коваль, Г. Р. Успенский, В. П. Яснов 
210 |a Москва  |c Машиностроение  |d 1971 
215 |a 212 с.  |c ил. 
610 1 |a космос 
610 1 |a человек 
610 1 |a корабли 
610 1 |a станции 
610 1 |a ракетно-космические комплексы 
610 1 |a создание 
610 1 |a космизация 
610 1 |a геодезия 
610 1 |a навигация 
610 1 |a метеорология 
610 1 |a океанография 
610 1 |a гидрология 
610 1 |a геология 
610 1 |a лесное хозяйство 
610 1 |a сельское хозяйство 
610 1 |a транспорт 
610 1 |a здравоохранение 
675 |a 629.78  |v 3 
700 1 |a Коваль  |b А. Д.  |g Александр Денисович 
701 1 |a Успенский  |b Г. Р.  |g Георгий Романович 
701 1 |a Яснов  |b В. П.  |g Валерий Петрович 
801 1 |a RU  |b 63413507  |c 20110325 
801 2 |a RU  |b 63413507  |c 20110516  |g RCR 
942 |c BK